000 01343cam a22003737a 4500
999 _c923
_d923
001 14812932
003 GZU
005 20200916114743.0
008 070418s2006 qeaa f b 001 0 eng
010 _a 2007405365
020 _a9781118644812
035 _a(CStRLIN)AULG3573621-B
040 _aANL
_beng
_cDLC
_dANL
_dDLC
042 _aanuc
_alccopycat
043 _au-at---
050 0 0 _aG155
_bWEA 2014
100 1 _aWeaver, David B.
_q(David Bruce)
245 1 0 _aTourism management /
_cDavid Weaver, Laura Lawton.
250 _afifth ed.
260 _aMilton, Qld. :
_bJohn Wiley & Sons,
_c2014
300 _a430p.
_bill. ;
500 _aPrevious ed.: 2002.
504 _aIncludes bibliographical references (p. 425-459) and index.
521 _aFor tertiary students.
650 0 _aTourism
_zAustralia
_xMarketing.
650 0 _aTourism
_zAustralia
_xManagement.
650 0 _aEcotourism
_zAustralia.
700 1 _aLawton, Laura.
856 4 2 _3Publisher description
_uhttp://www.loc.gov/catdir/enhancements/fy0826/2007405365-d.html
856 4 1 _3Table of contents only
_uhttp://www.loc.gov/catdir/enhancements/fy0826/2007405365-t.html
906 _a7
_bcbc
_ccopycat
_d3
_encip
_f20
_gy-gencatlg
942 _2lcc
_cBK
_h155
_iWEA
_kG